01669cam a22004097a 4500003000500000005001700005008004100022010001000063011001000073035001000083040000900093090001000102100003900112245015300151260004100304300003000345502007800375590003700453590004100490590004100531590004100572590004100613590004100654590004200695650002800737650002200765650003400787650002800821901000700849905001300856942000900869949005500878949004200933999001700975952014000992952012701132CHAP20220329142440.0010227d2001 mx r 00110 spa d a83646 a84618 a95143 cCHAP aTesis00aMéndez Hernández, Juan.97651010aEfecto del tipo de boquilla en el control químico de enfermedades en cebolla (Allium cepa L.) en Jolalpan, Pueblac/por Juan Méndez Hernández. aChapingo, Méx. :bEl autor,c2001. a56 h. :btablas; gráfs. aTesis (Ing. Agr. Esp. en Fitotecnia) -- UACH. Departamento de Fitotecnia. aALEPHb10c20130110lUCH01h1441 aBATCH-UPDb10c20130109lUCH01h2346 aBATCH-UPDb10c20130110lUCH01h0346 aBATCH-UPDb10c20130110lUCH01h1847 aBATCH-UPDb10c20130409lUCH01h1917 aBATCH-UPDb10c20130914lUCH01h0249 aCONVERSIONb10c20130109lUCH01h134614aAlternaria porri.9468114aBoquillas.91381614aCebollaxEnfermedades.92076514aCebollaxPuebla.920800 aBK aEdna Luz cFOLL bBCcTESd33724000818639eTS2fc.2h37912i95143si bBCcTESd951431eTS1h37911i95143sb c83646d83646 00102local4053708TESISaBCbBCcPA_TESISd2019-12-31fTESISl0oTesisp33724000818639r2019-12-31 00:00:00tc.2w2019-12-31yTESIS 00102local4051708TESISaBCbBCcPA_TESISd2019-12-31fTESISl0oTesisp951431r2019-12-31 00:00:00w2019-12-31yTESIS